|
|
|
|
| LEADER |
01396nam a2200301 a 4500 |
| 001 |
7328 |
| 003 |
BD-DhAAL |
| 005 |
20151119121342.0 |
| 008 |
151119s2005 bg 001 0 beno |
| 010 |
|
|
|a 2005385024
|
| 020 |
|
|
|a 9844104319
|
| 040 |
|
|
|a DLC
|c DLC
|d BD-DhAAL
|
| 050 |
0 |
0 |
|a DS432.B4
|b R33 2005
|
| 082 |
|
|
|a 306/.0954/14
|
| 100 |
1 |
|
|a রহমান, মুহাম্মদ হাবিবুর
|9 16388
|
| 245 |
1 |
0 |
|a একজন ভারতীয় বাঙালির আত্নসমালোচনা /
|c মুহাম্মদ হাবিবুর রহমান
|
| 246 |
1 |
|
|i Title on t.p. verso:
|a Akjon Bharatio Bangalir atasamalochona
|
| 260 |
|
|
|a ঢাকা :
|b মাওলা ব্রাদার্স,
|c ২০০৫.
|
| 300 |
|
|
|a ১৪০ পৃ. ;
|c ২২ সে.মি.
|
| 500 |
|
|
|a Includes index.
|
| 520 |
|
|
|a Articles on 20th century intellectual life and social customs of Bengali (South Asian people) of India .
|
| 541 |
|
|
|e 7328
|
| 546 |
|
|
|a In Bengali.
|
| 650 |
|
0 |
|a Bengali (South Asian people)
|x Intellectual life
|y 20th century.
|9 16389
|
| 650 |
|
0 |
|a Bengali (South Asian people)
|x Social life and customs
|y 20th century.
|9 16390
|
| 942 |
|
|
|2 ddc
|c BK
|
| 999 |
|
|
|c 36247
|d 36247
|
| 952 |
|
|
|0 0
|1 0
|2 ddc
|4 0
|6 306_000000000000000__0954_14_RAH
|7 0
|9 56983
|a SCL
|b SCL
|c GEN
|d 2015-11-19
|g 105.00
|l 0
|o 306.095414 RAH
|p 3020007328
|r 2015-11-19
|t 1
|w 2015-11-19
|y BK
|